[Event "19th Kolkata GM Open 2014"]
[Site "Kolkata IND"]
[Date "2014.03.18"]
[Round "1.1"]
[White "Short, Nigel D"]
[Black "Sundararajan, Kidambi"]
[Result "1/2-1/2"]
[WhiteTitle "GM"]
[BlackTitle "GM"]
[WhiteElo "2674"]
[BlackElo "2400"]
[WhiteFideId "400025"]
[BlackFideId "5005370"]
[EventDate "2014.03.18"]

1. c4 c6 2. e4 d5 3. e5 Be6 4. cxd5 Bxd5 5. Nc3 e6 6. Nh3 Ne7 7. Nf4 Nd7 8. d4
Nb6 9. Bd3 Ng6 10. Nfxd5 Nxd5 11. O-O Be7 12. Qb3 Ngf4 13. Bc4 b5 14. Bxd5 Nxd5
15. Ne4 O-O 16. Rd1 Rc8 17. Qg3 Kh8 18. Bg5 f6 19. exf6 gxf6 20. Bd2 Rg8 21. Qf3
Rg6 22. Rac1 Qd7 23. g3 Rf8 24. Qe2 f5 25. Nc5 Bxc5 26. Rxc5 f4 27. Rdc1 Qg7 28.
Qe5 Qxe5 29. dxe5 Rf5 30. Rxc6 Rxe5 31. Kf1 fxg3 32. hxg3 Rg4 33. R1c5 b4 34.
Ra6 Kg7 35. a3 Rd4 36. Rxa7+ Kg6 37. Bxb4 Rd1+ 38. Kg2 Re2 39. Rc8 Rxb2 40. Rg8+
Kf6 41. Rxh7 Nxb4 42. axb4 Rxb4 43. Rf8+ Kg6 44. Rhf7 Re1 45. Rf6+ Kg7 46. R8f7+
Kg8 47. Re7 Rbe4 48. Kf3 R1e2 49. g4 Re1 50. g5 Re5 51. g6 R5e3+ 52. fxe3 Rf1+
53. Kg4 Rxf6 54. Kg5 Rf3 55. e4 Rg3+ 56. Kf6 Rf3+ 57. Kxe6 Rg3 58. Kf5 Rf3+ 59.
Kg4 Rf1 60. e5 Rg1+ 61. Kf5 Rf1+ 62. Ke6 Rg1 63. g7 Rd1 64. Rd7 Ra1 65. Kf6 Rf1+
66. Ke6 Ra1 67. Rc7 Re1 68. Ra7 Rd1 69. Ke7 Rb1 70. e6 Kxg7 71. Kd6+ Kf6 72.
Rf7+ Kg6 73. Rf2 Rb6+ 74. Kd7 Rb7+ 75. Kd8 Rb8+ 76. Kc7 Ra8 77. e7 Ra7+ 78. Kd6
Ra6+ 1/2-1/2

[Event "19th Kolkata GM Open 2014"]
[Site "Kolkata IND"]
[Date "2014.03.18"]
[Round "1.2"]
[White "Kathmale, Sameer"]
[Black "Fedorchuk, Sergey A."]
[Result "1/2-1/2"]
[BlackTitle "GM"]
[WhiteElo "2398"]
[BlackElo "2647"]
[WhiteFideId "5024498"]
[BlackFideId "14102536"]
[EventDate "2014.03.18"]

1. e4 c5 2. c3 d5 3. exd5 Qxd5 4. d4 e6 5. Nf3 Nf6 6. Na3 Qd8 7. Nc2 Qc7 8. Bd3
Nbd7 9. O-O b6 10. Qe2 Bb7 11. Re1 Bd6 12. Na3 a6 13. Nc4 O-O 14. Nxd6 Qxd6 15.
dxc5 Nxc5 16. Bc2 Qc6 17. Bg5 Ncd7 18. Rad1 Rfe8 19. Rd4 h6 20. Bxf6 Nxf6 21.
Red1 Rac8 22. Qe5 b5 23. a4 Qb6 24. Ne1 Rc5 25. Qe2 Qc7 26. axb5 axb5 27. h3 Re5
28. Qf1 Rb8 29. f4 Rd5 30. Bb3 Rxd4 31. Rxd4 Bd5 32. Bxd5 Nxd5 33. Qf2 b4 34. c4
Ne7 35. c5 b3 36. Nd3 Ra8 37. Rc4 Nd5 38. c6 Ra1+ 39. Kh2 g5 40. g3 Qa5 41. fxg5
Rd1 42. Nb4 hxg5 43. Qe2 Qb5 44. Qe5 Rd2+ 45. Kh1 Nc7 46. Qxb5 Nxb5 47. c7 Nxc7
48. Rxc7 Rxb2 49. Rc3 e5 50. Nd3 Rb1+ 51. Kg2 e4 52. Nc5 b2 53. Rb3 e3 54. Nd3
Rd1 55. Rxb2 Rxd3 56. Re2 Kg7 57. Kf3 Rd2 58. Rxe3 Rh2 59. h4 gxh4 60. gxh4 Rxh4
61. Kg3 Rh1 62. Re5 Rg1+ 63. Kf3 Rf1+ 64. Kg3 1/2-1/2

[Event "19th Kolkata GM Open 2014"]
[Site "Kolkata IND"]
[Date "2014.03.18"]
[Round "1.3"]
[White "Landa, Konstantin"]
[Black "Rathnakaran, K."]
[Result "1-0"]
[WhiteTitle "GM"]
[BlackTitle "IM"]
[WhiteElo "2645"]
[BlackElo "2389"]
[WhiteFideId "4101685"]
[BlackFideId "5005507"]
[EventDate "2014.03.18"]

1. Nf3 Nf6 2. c4 c5 3. d4 cxd4 4. Nxd4 e5 5. Nb5 d5 6. cxd5 Bc5 7. N5c3 O-O 8.
g3 Qb6 9. e3 Bg4 10. Be2 Bh3 11. g4 Na6 12. Rg1 Rad8 13. Rg3 Nb4 14. Rxh3 Nfxd5
15. Qb3 Qg6 16. e4 Nf6 17. Be3 Bxe3 18. Rxe3 Nc6 19. Na3 Nd4 20. Qxb7 Nxg4 21.
Rg3 Nxe2 22. Nxe2 Qh5 23. Qb3 Nf6 24. Qf3 Qh4 25. Rh3 Qg5 26. Nc4 Rfe8 27. Qf5
Qg2 28. Qf3 Qxf3 29. Rxf3 Nxe4 30. Rd1 Rxd1+ 31. Kxd1 f6 32. Nc3 Rd8+ 33. Kc2
Nc5 34. Nb5 e4 35. Ra3 Nd3 36. Rxa7 Nxf2 37. Nc3 f5 38. b4 f4 39. b5 e3 40. b6
Ne4 41. Re7 Nc5 42. Re5 Nd3 43. Rb5 Ne1+ 44. Kb1 Ng2 45. b7 Rb8 46. Ne5 g5 47.
Kc2 h5 48. Nd7 1-0

[Event "19th Kolkata GM Open 2014"]
[Site "Kolkata IND"]
[Date "2014.03.18"]
[Round "1.4"]
[White "Satyapragyan, Swayangsu"]
[Black "Mchedlishvili, Mikheil"]
[Result "1/2-1/2"]
[WhiteTitle "IM"]
[BlackTitle "GM"]
[WhiteElo "2389"]
[BlackElo "2639"]
[WhiteFideId "5004306"]
[BlackFideId "13600966"]
[EventDate "2014.03.18"]

1. e4 c5 2. Nf3 e6 3. d4 cxd4 4. Nxd4 Nc6 5. Nc3 a6 6. Nxc6 bxc6 7. Bd3 d5 8.
O-O Nf6 9. Qe2 Bb7 10. b3 Be7 11. Bb2 O-O 12. Na4 Qc7 13. c4 dxe4 14. Bxe4 Nxe4
15. Qxe4 c5 16. Qg4 g6 17. Qh3 Rad8 18. Rae1 Bc8 19. Qe3 f6 20. Ba3 Rd4 21. Bb2
Rdd8 22. Ba3 Rd4 23. Bb2 Rdd8 24. Ba3 Rd4 1/2-1/2

[Event "19th Kolkata GM Open 2014"]
[Site "Kolkata IND"]
[Date "2014.03.18"]
[Round "1.5"]
[White "Adhiban, Baskaran"]
[Black "Akshat, Khamparia"]
[Result "1-0"]
[WhiteTitle "GM"]
[BlackTitle "IM"]
[WhiteElo "2608"]
[BlackElo "2380"]
[WhiteFideId "5018471"]
[BlackFideId "5016541"]
[EventDate "2014.03.18"]

1. e4 c5 2. Nf3 Nc6 3. d4 cxd4 4. Nxd4 g6 5. c4 Bg7 6. Be3 Nf6 7. Nc3 O-O 8. Be2
b6 9. O-O Bb7 10. Ndb5 Qb8 11. f3 Rd8 12. Qd2 d6 13. Nd5 Rd7 14. Bh6 Bh8 15.
Nxf6+ Bxf6 16. f4 a6 17. e5 Bg7 18. Bxg7 Kxg7 19. e6 Rd8 20. exf7 Rf8 21. Nd4
Rxf7 22. Ne6+ Kg8 23. Bf3 Na5 24. Bd5 Qc8 25. Rac1 1-0

[Event "19th Kolkata GM Open 2014"]
[Site "Kolkata IND"]
[Date "2014.03.18"]
[Round "1.6"]
[White "Visakh, NR"]
[Black "Vidit, Santosh Gujrathi"]
[Result "0-1"]
[BlackTitle "GM"]
[WhiteElo "2374"]
[BlackElo "2602"]
[WhiteFideId "25012223"]
[BlackFideId "5029465"]
[EventDate "2014.03.18"]

1. d4 Nf6 2. Nf3 e6 3. c4 Bb4+ 4. Bd2 a5 5. Qc2 d6 6. Nc3 Nbd7 7. g3 O-O 8. Bg2
e5 9. dxe5 dxe5 10. O-O Re8 11. Rad1 c6 12. Ng5 Bf8 13. Nce4 Qc7 14. c5 h6 15.
Nxf7 Kxf7 16. Qc4+ Nd5 17. f4 Kg8 18. Nd6 Bxd6 19. Bxd5+ cxd5 20. Qxd5+ Kh7 21.
cxd6 Qb6+ 22. e3 Nf6 23. Qb3 Qxb3 24. axb3 Bg4 25. Ra1 Ne4 26. Bc3 Nxd6 27. Bxe5
Ne4 28. Rac1 Nd2 29. Rc7 Rxe5 30. fxe5 Nxf1 31. Kxf1 Bf3 32. Rc5 Kg6 33. Kf2 Bc6
34. g4 Kf7 35. Kg3 Ke6 36. h4 Ra6 37. g5 hxg5 38. hxg5 Rb6 39. Rc3 Kxe5 40. Rc5+
Ke4 0-1

[Event "19th Kolkata GM Open 2014"]
[Site "Kolkata IND"]
[Date "2014.03.18"]
[Round "1.7"]
[White "Lalith, Babu M.R."]
[Black "Ravi, Teja S."]
[Result "1-0"]
[WhiteTitle "GM"]
[WhiteElo "2585"]
[BlackElo "2367"]
[WhiteFideId "5024595"]
[BlackFideId "5017220"]
[EventDate "2014.03.18"]

1. Nf3 d5 2. d4 Nf6 3. c4 c6 4. Nc3 a6 5. c5 Nbd7 6. Bf4 Nh5 7. Bd2 Nhf6 8. Qc2
g6 9. e4 dxe4 10. Ng5 h6 11. Ngxe4 Nxe4 12. Nxe4 Bg7 13. Bc4 Nf6 14. Nxf6+ Bxf6
15. Qb3 e6 16. Be3 Bxd4 17. O-O-O Bxe3+ 18. Qxe3 Qf6 19. Rd6 Kf8 20. f4 h5 21.
g3 Kg7 22. Rhd1 Qe7 23. h3 e5 24. fxe5 Bxh3 25. e6 Rhf8 26. R1d2 Rae8 27. Qd4+
Kh6 28. exf7 Rxf7 29. Bxf7 Qxf7 30. Rf2 Qe7 31. Qd2+ Kh7 32. Rff6 Qe4 1-0

[Event "19th Kolkata GM Open 2014"]
[Site "Kolkata IND"]
[Date "2014.03.18"]
[Round "1.8"]
[White "Ahmed, Sk. Nasir"]
[Black "Grigoryan, Avetik"]
[Result "0-1"]
[WhiteTitle "FM"]
[BlackTitle "GM"]
[WhiteElo "2365"]
[BlackElo "2583"]
[WhiteFideId "10200525"]
[BlackFideId "13302191"]
[EventDate "2014.03.18"]

1. e4 e6 2. d4 d5 3. Nc3 Bb4 4. e5 Ne7 5. a3 Bxc3+ 6. bxc3 c5 7. Qg4 O-O 8. Bd3
Nbc6 9. Qh5 Ng6 10. Nf3 Qc7 11. O-O c4 12. Bxg6 fxg6 13. Qg4 Qa5 14. Bd2 Qa4 15.
Ra2 Bd7 16. h4 Rf5 17. Ng5 h6 18. Nh3 Ne7 19. Nf4 Kh7 20. Ne2 Qa6 21. Ng3 Rff8
22. h5 Be8 23. a4 gxh5 24. Nxh5 Bxh5 25. Qxh5 Rf5 26. Qg4 Raf8 27. Be3 g5 28.
Rb2 Ng6 29. a5 Nf4 30. Rfb1 R8f7 31. Rb5 Qc6 32. Qd1 g4 33. Qd2 Kg6 34. R1b4 Qc8
35. Rb1 h5 36. Bxf4 Rxf4 37. Rxb7 Rxf2 38. Qe3 Qxb7 39. Rxb7 Rf1+ 40. Kh2 Rxb7
41. Kg3 Rbf7 42. a6 R7f3+ 43. gxf3 Rxf3+ 44. Kh4 Rh3+ 45. Qxh3 gxh3 46. Kxh3 Kg5
47. Kg3 h4+ 48. Kh3 Kh5 49. Kh2 Kg4 50. Kg2 h3+ 51. Kh2 Kh4 0-1

[Event "19th Kolkata GM Open 2014"]
[Site "Kolkata IND"]
[Date "2014.03.18"]
[Round "1.9"]
[White "Sethuraman, S.P."]
[Black "Saravanan, V."]
[Result "1-0"]
[WhiteTitle "GM"]
[BlackTitle "IM"]
[WhiteElo "2578"]
[BlackElo "2359"]
[WhiteFideId "5021596"]
[BlackFideId "5000580"]
[EventDate "2014.03.18"]

1. d4 Nf6 2. c4 g6 3. f3 Bg7 4. e4 d6 5. Nc3 O-O 6. Be3 e5 7. Nge2 c6 8. Qd2
Nbd7 9. d5 cxd5 10. cxd5 a6 11. g4 h5 12. h3 Nh7 13. Rg1 h4 14. Nc1 Bf6 15. g5
Be7 16. Nd3 Nc5 17. Bxc5 dxc5 18. Nxe5 Nxg5 19. O-O-O Bf6 20. f4 Bxe5 21. Rxg5
Bf6 22. Rg2 Bxh3 23. Rh2 Bd7 24. e5 Bg7 25. Bh3 b5 26. Bxd7 Qxd7 27. Rxh4 Rfd8
28. Qh2 g5 29. Rh5 1-0

[Event "19th Kolkata GM Open 2014"]
[Site "Kolkata IND"]
[Date "2014.03.18"]
[Round "1.10"]
[White "Padmini, Rout"]
[Black "Pantsulaia, Levan"]
[Result "0-1"]
[WhiteTitle "WGM"]
[BlackTitle "GM"]
[WhiteElo "2356"]
[BlackElo "2606"]
[WhiteFideId "5029295"]
[BlackFideId "13602071"]
[EventDate "2014.03.18"]

1. e4 c5 2. Nf3 a6 3. Nc3 e6 4. d4 cxd4 5. Nxd4 b5 6. Be2 Bb7 7. Bf3 Ne7 8. O-O
Ng6 9. e5 Qc7 10. Bxb7 Qxb7 11. Re1 Nc6 12. Qf3 Rc8 13. a3 Be7 14. Nxc6 Rxc6 15.
Bd2 O-O 16. Re4 Rfc8 17. Rae1 a5 18. Nd1 Nh4 19. Qb3 Rxc2 20. Bxa5 R8c4 21. Rxc4
Rxc4 22. Bc3 h5 23. Ne3 Re4 24. Nc2 Rg4 25. Ne3 Nf3+ 26. Kf1 Nxe1 27. Kxe1 Qe4
28. Kd2 Bg5 29. g3 Qf3 0-1

[Event "19th Kolkata GM Open 2014"]
[Site "Kolkata IND"]
[Date "2014.03.18"]
[Round "1.11"]
[White "Barbosa, Oliver"]
[Black "Karthikeyan, P."]
[Result "1-0"]
[WhiteTitle "GM"]
[BlackTitle "IM"]
[WhiteElo "2564"]
[BlackElo "2355"]
[WhiteFideId "5201640"]
[BlackFideId "5018226"]
[EventDate "2014.03.18"]

1. d4 d5 2. c4 c6 3. Nf3 Nf6 4. e3 Bg4 5. Qb3 Qc7 6. Nc3 e6 7. Nh4 Bh5 8. h3
Nbd7 9. g4 Bg6 10. Nxg6 hxg6 11. Bg2 Be7 12. Bd2 Nb6 13. cxd5 exd5 14. Rc1 Qd7
15. g5 Nh7 16. h4 Nf8 17. Ne2 Ne6 18. Bb4 O-O-O 19. Ba5 f6 20. Nc3 Kb8 21. Bxb6
axb6 22. Qxb6 Nc7 23. gxf6 gxf6 24. Ne2 Bd6 25. Kd2 Rh7 26. Bh3 Qe8 27. Bg2 Qd7
28. Bh3 Qe8 29. Qb3 f5 30. Bg2 Qd7 31. Ng1 Ne6 32. Nf3 c5 33. dxc5 Nxc5 34. Qb6
Rc8 35. Nd4 Ne4+ 36. Bxe4 dxe4 37. Rxc8+ Kxc8 38. Rc1+ Bc7 39. Qxg6 1-0

[Event "19th Kolkata GM Open 2014"]
[Site "Kolkata IND"]
[Date "2014.03.18"]
[Round "1.12"]
[White "Vignesh, NR"]
[Black "Gopal, G.N."]
[Result "1/2-1/2"]
[BlackTitle "GM"]
[WhiteElo "2355"]
[BlackElo "2558"]
[WhiteFideId "25012215"]
[BlackFideId "5015693"]
[EventDate "2014.03.18"]

1. d4 Nf6 2. c4 g6 3. Nf3 Bg7 4. g3 c6 5. Bg2 d5 6. Nbd2 O-O 7. O-O Bf5 8. b3
Nbd7 9. Bb2 a5 10. Nh4 Be6 11. e4 dxe4 12. Nxe4 Nxe4 13. Bxe4 a4 14. Qc2 Nf6 15.
Bg2 Qc8 16. Rfd1 Rd8 17. Qe2 Bg4 18. Bf3 Bxf3 19. Nxf3 e6 20. Ne5 Nd7 21. Qf3
Nxe5 22. dxe5 Qc7 23. Qc3 Rd7 24. Rxd7 Qxd7 25. Qd4 Qxd4 26. Bxd4 Rd8 27. Bc3
Rd3 28. Rc1 axb3 29. axb3 g5 30. g4 h5 31. gxh5 Kh7 32. Kf1 Kh6 33. Ke2 Rh3 34.
f3 Kxh5 35. Rh1 Kg6 36. Rd1 Rxh2+ 37. Ke3 Rh3 38. Ke4 Rh4+ 39. Ke3 Bf8 40. Bd2
Bc5+ 1/2-1/2

[Event "19th Kolkata GM Open 2014"]
[Site "Kolkata IND"]
[Date "2014.03.18"]
[Round "1.13"]
[White "Sengupta, Deep"]
[Black "Konguvel, Ponnuswamy"]
[Result "1-0"]
[WhiteTitle "GM"]
[BlackTitle "IM"]
[WhiteElo "2529"]
[BlackElo "2347"]
[WhiteFideId "5008352"]
[BlackFideId "5000548"]
[EventDate "2014.03.18"]

1. e4 c5 2. Nc3 e6 3. Nf3 Nc6 4. d4 cxd4 5. Nxd4 Qc7 6. Be3 a6 7. Qd2 Nf6 8.
O-O-O Be7 9. f4 b5 10. e5 b4 11. exf6 bxc3 12. Qxc3 Bxf6 13. g4 Bb7 14. g5 Bxd4
15. Rxd4 Rc8 16. Rd2 Ne7 17. Qxc7 Rxc7 18. Rg1 Nf5 19. Bb6 Rc6 20. Bf2 d5 21.
Bd3 Nd6 22. Bd4 O-O 23. h4 a5 24. h5 Ba6 25. Bxa6 Rxa6 26. h6 g6 27. a4 Rc6 28.
Re1 Rfc8 29. Ree2 Kf8 30. Rd3 Ne4 31. Rde3 Nd6 32. Be5 Nc4 33. Bg7+ Ke7 34. Rd3
Kd7 35. Bf6 Nd6 36. b3 Nb7 37. Kb2 Nc5 38. Rd4 Kc7 39. Rd1 Kb7 40. Bd4 Na6 41.
Rdd2 Nb4 42. Be5 Kb6 43. Bf6 Kb7 44. Bd4 R8c7 45. Bf6 Rc8 46. Be7 Ka6 47. Kb1
Kb6 48. Bf6 Kb7 49. Bg7 Kb6 50. Kb2 Kb7 51. Be5 Kb6 52. c3 Na6 53. Rd1 Kb7 54.
Re3 Nc5 55. Ka3 Nd7 56. Bd4 Nb6 57. Kb2 R8c7 58. Rde1 Nc8 59. Bf6 Rd7 60. Rd3
Nd6 61. Ka2 Kc8 62. Be5 Nb7 63. b4 Rc4 64. Kb3 Nd6 65. Rd4 Rxd4 66. Bxd4 Nc4 67.
Re2 Kb7 68. Bf6 Rd6 69. Re1 Rc6 70. Rd1 Kc8 71. Rd3 Kb7 72. Bd8 Rc8 73. Bf6 Kc6
74. Rd4 Kd6 75. Bg7 Kd7 76. Bf6 Kd6 77. Rd3 Kd7 78. Rd1 Nd6 79. Be5 Nc4 80. Rd4
Rc6 81. bxa5 Nxa5+ 82. Kb4 Nc4 83. a5 Ra6 84. Rxc4 dxc4 85. Kb5 Ra8 86. a6 Kc8
87. Kb6 Rb8+ 88. Bxb8 Kxb8 89. a7+ Ka8 90. Ka6 1-0

[Event "19th Kolkata GM Open 2014"]
[Site "Kolkata IND"]
[Date "2014.03.18"]
[Round "1.14"]
[White "Kunal, M."]
[Black "Abdulla, Al-Rakib"]
[Result "0-1"]
[BlackTitle "GM"]
[WhiteElo "2339"]
[BlackElo "2518"]
[WhiteFideId "5018250"]
[BlackFideId "10200444"]
[EventDate "2014.03.18"]

1. e4 e5 2. Nf3 Nc6 3. Bb5 a6 4. Ba4 Nge7 5. Nc3 Ng6 6. h4 Bc5 7. d3 h6 8. a3 d6
9. Nd5 Bg4 10. h5 Ne7 11. Ne3 Bxe3 12. Bxe3 f5 13. c3 O-O 14. exf5 d5 15. Rh4
Bxf3 16. Qxf3 Nxf5 17. Rh1 e4 18. dxe4 Ne5 19. Qe2 dxe4 20. Bc2 Nd3+ 21. Bxd3
exd3 22. Qg4 Nxe3 23. fxe3 d2+ 24. Ke2 Qd5 25. c4 Qe5 26. Rhf1 Rfe8 27. Rf3 Rad8
28. Rd1 Qxb2 29. Qf4 Re7 30. g4 Qxa3 31. g5 Qd3+ 32. Kf2 Qc2 33. Ke2 Qd3+ 34.
Kf2 Qc2 35. Ke2 hxg5 36. Qxg5 Qd3+ 37. Kf2 Qd6 38. Rg3 Qe5 39. Qh4 Rd6 40. h6
Rxh6 41. Qg4 Rf7+ 42. Kg1 Qf6 43. Rg2 Rh4 44. Qc8+ Kh7 45. Qxb7 Qe5 46. Qb1+ Kg8
47. Qd3 Rh1+ 0-1

[Event "19th Kolkata GM Open 2014"]
[Site "Kolkata IND"]
[Date "2014.03.18"]
[Round "1.15"]
[White "Debashis, Das"]
[Black "Sardana, Rishi"]
[Result "1-0"]
[WhiteTitle "GM"]
[WhiteElo "2508"]
[BlackElo "2338"]
[WhiteFideId "5024854"]
[BlackFideId "25004301"]
[EventDate "2014.03.18"]

1. d4 Nf6 2. c4 e6 3. Nc3 Bb4 4. e3 O-O 5. Bd3 d5 6. Nf3 b6 7. O-O Bb7 8. cxd5
exd5 9. Ne5 Bd6 10. f4 c5 11. Bd2 Nc6 12. Ne2 Ne4 13. Bc3 Ne7 14. Ng3 Nxg3 15.
hxg3 Bc8 16. Qh5 f5 17. g4 c4 18. Bc2 g6 19. Qh6 fxg4 20. e4 b5 21. f5 Bxe5 22.
dxe5 Qb6+ 23. Kh1 gxf5 24. e6 d4 25. exf5 1-0

[Event "19th Kolkata GM Open 2014"]
[Site "Kolkata IND"]
[Date "2014.03.19"]
[Round "2.1"]
[White "Rahman, Ziaur"]
[Black "Landa, Konstantin"]
[Result "1/2-1/2"]
[WhiteTitle "GM"]
[BlackTitle "GM"]
[WhiteElo "2486"]
[BlackElo "2645"]
[WhiteFideId "10200037"]
[BlackFideId "4101685"]
[EventDate "2014.03.18"]

1. d4 d5 2. Nf3 Nf6 3. c4 e6 4. g3 dxc4 5. Bg2 Bb4+ 6. Bd2 a5 7. O-O O-O 8. Bg5
b5 9. a4 bxa4 10. Ne5 Ra7 11. Rxa4 Bb7 12. Bxb7 Rxb7 13. Nc3 c5 14. dxc5 Qxd1
15. Nxd1 Rc8 16. Bxf6 Rxc5 17. Ne3 gxf6 18. N5xc4 Rcb5 19. Nc2 Rc7 20. b3 Bc3
21. N2a3 Rxb3 22. Nxa5 Rb4 23. Rxb4 Bxb4 24. Rb1 Na6 25. N5c4 Kg7 26. Rb3 Bxa3
27. Rxa3 Rxc4 1/2-1/2

[Event "19th Kolkata GM Open 2014"]
[Site "Kolkata IND"]
[Date "2014.03.19"]
[Round "2.2"]
[White "Ghosh, Diptayan"]
[Black "Adhiban, Baskaran"]
[Result "1-0"]
[WhiteTitle "IM"]
[BlackTitle "GM"]
[WhiteElo "2481"]
[BlackElo "2608"]
[WhiteFideId "5045207"]
[BlackFideId "5018471"]
[EventDate "2014.03.18"]

1. d4 Nf6 2. Bg5 e6 3. e4 h6 4. Bxf6 Qxf6 5. c3 d6 6. Bd3 Qd8 7. Ne2 Be7 8. O-O
O-O 9. Nd2 e5 10. f4 Nc6 11. Nf3 Bf6 12. h3 Qe7 13. Qd2 Bd7 14. Rae1 Rae8 15. a3
Qd8 16. b4 a6 17. Bb1 Nb8 18. Ng3 Bh4 19. Nxh4 Qxh4 20. Kh2 Bc8 21. Rf3 Nc6 22.
Ba2 Be6 23. d5 Bg4 24. dxc6 Bxf3 25. gxf3 Qxf4 26. Qxf4 exf4 27. Nf5 g6 28. Nd4
bxc6 29. Nxc6 Kg7 30. Bd5 f5 31. Rd1 Kf6 32. c4 g5 33. c5 h5 34. cxd6 cxd6 35.
Kg2 Rh8 36. a4 g4 37. h4 fxe4 38. Bxe4 Re6 39. Rd5 Rc8 40. Nd4 Re5 41. Rxd6+ Kg7
42. Nc6 Ree8 43. Rg6+ Kf7 44. Rh6 Kg8 45. b5 axb5 46. axb5 Kg7 47. Rh7+ Kf6 48.
Rxh5 Ra8 49. Rf5+ Kg7 50. Rg5+ Kh6 51. Rxg4 Ra2+ 52. Kh3 Rb2 53. Nd4 Re5 54.
Nf5+ Kh7 55. Nd6+ 1-0

[Event "19th Kolkata GM Open 2014"]
[Site "Kolkata IND"]
[Date "2014.03.19"]
[Round "2.3"]
[White "Pantsulaia, Levan"]
[Black "Sarkar, Justin"]
[Result "1-0"]
[WhiteTitle "GM"]
[BlackTitle "IM"]
[WhiteElo "2606"]
[BlackElo "2452"]
[WhiteFideId "13602071"]
[BlackFideId "2010011"]
[EventDate "2014.03.18"]

1. Nf3 d6 2. c4 e5 3. Nc3 f5 4. g3 Nf6 5. Bg2 Be7 6. O-O O-O 7. d3 Qe8 8. c5 Nc6
9. cxd6 cxd6 10. b4 Kh8 11. b5 Nd8 12. Nd2 Be6 13. e4 Rc8 14. Bb2 f4 15. gxf4
Nh5 16. f5 Nf4 17. Nf3 Bf7 18. Ne2 Bh5 19. a4 Nxg2 20. Kxg2 Bxf3+ 21. Kxf3 g6
22. Kg2 gxf5 23. exf5 Rxf5 24. Ng3 Rf4 25. d4 Nf7 26. dxe5 Nxe5 27. Qd5 Qf7 28.
Qxf7 Rxf7 29. Rac1 Rxc1 30. Rxc1 Kg8 31. Rc8+ Bf8 32. Ne4 d5 33. Bxe5 dxe4 34.
Bd6 Kg7 35. Bxf8+ Rxf8 36. Rxf8 Kxf8 37. Kg3 1-0

[Event "19th Kolkata GM Open 2014"]
[Site "Kolkata IND"]
[Date "2014.03.19"]
[Round "2.4"]
[White "Vidit, Santosh Gujrathi"]
[Black "Neelotpal, Das"]
[Result "1-0"]
[WhiteTitle "GM"]
[BlackTitle "GM"]
[WhiteElo "2602"]
[BlackElo "2427"]
[WhiteFideId "5029465"]
[BlackFideId "5003512"]
[EventDate "2014.03.18"]

1. d4 Nf6 2. c4 e6 3. Nf3 Bb4+ 4. Nbd2 O-O 5. a3 Be7 6. e4 d5 7. e5 Nfd7 8. Bd3
c5 9. h4 h6 10. Bb1 cxd4 11. Qc2 f5 12. cxd5 exd5 13. Nb3 Nc6 14. Bf4 Qb6 15.
Ba2 Re8 16. O-O-O Bf8 17. Rhe1 Nc5 18. Nbxd4 Ne7 19. Kb1 Bd7 20. Nb3 Ne4 21. Be3
Qg6 22. Ka1 Kh8 23. Nfd4 Rac8 24. Qe2 f4 25. Bxf4 Qxg2 26. f3 Qxe2 27. Rxe2 Ng6
28. Bh2 Nxe5 29. Bxe5 Rxe5 30. Rde1 Rce8 31. fxe4 dxe4 32. Bb1 e3 33. Nf3 Rd5
34. Rxe3 Rxe3 35. Rxe3 Rd1 36. Ka2 b5 37. Ne5 1-0

[Event "19th Kolkata GM Open 2014"]
[Site "Kolkata IND"]
[Date "2014.03.19"]
[Round "2.5"]
[White "Swayams, Mishra"]
[Black "Lalith, Babu M.R."]
[Result "0-1"]
[WhiteTitle "IM"]
[BlackTitle "GM"]
[WhiteElo "2445"]
[BlackElo "2585"]
[WhiteFideId "5028183"]
[BlackFideId "5024595"]
[EventDate "2014.03.18"]

1. d4 Nf6 2. c4 e6 3. Nc3 Bb4 4. e3 O-O 5. Ne2 d5 6. a3 Bd6 7. c5 Be7 8. b4 c6
9. Nf4 Nbd7 10. Nd3 Qc7 11. f4 b6 12. Be2 Ne4 13. Nxe4 dxe4 14. Nf2 f5 15. Bc4
Nf6 16. Bd2 Nd5 17. O-O Bd7 18. Qe2 Rab8 19. Rab1 Bf6 20. Rfc1 Kh8 21. g3 Be8
22. Nd1 b5 23. Bb3 g5 24. Nf2 gxf4 25. gxf4 Qg7+ 26. Kh1 Qh6 27. Qf1 Qh4 28. Nh3
Rg8 29. Be1 Qh6 30. Bxd5 exd5 31. Rc2 Bh5 32. Ng1 Rg7 33. Rbb2 Rbg8 34. Rg2 Bg4
35. Ra2 Qh5 36. Rad2 Bh3 37. Nxh3 Qxh3 38. Qg1 Rxg2 39. Rxg2 Rxg2 40. Qxg2 Qxe3
41. Bf2 Qxf4 42. Qg3 Qxg3 43. hxg3 Bg5 44. Kg2 0-1

[Event "19th Kolkata GM Open 2014"]
[Site "Kolkata IND"]
[Date "2014.03.19"]
[Round "2.6"]
[White "Grigoryan, Avetik"]
[Black "Palit, Somak"]
[Result "1/2-1/2"]
[WhiteTitle "GM"]
[BlackTitle "IM"]
[WhiteElo "2583"]
[BlackElo "2421"]
[WhiteFideId "13302191"]
[BlackFideId "5010454"]
[EventDate "2014.03.18"]

1. c4 e5 2. g3 Nf6 3. Bg2 c6 4. d4 Bb4+ 5. Bd2 Bxd2+ 6. Qxd2 d6 7. Nc3 O-O 8. e4
Be6 9. b3 a6 10. Nge2 b5 11. c5 dxc5 12. dxe5 Qxd2+ 13. Kxd2 Rd8+ 14. Ke1 Ng4
15. f4 a5 16. Bf3 a4 17. h3 Nxe5 18. fxe5 axb3 19. Nf4 b2 20. Rb1 Ra3 21. Nxb5
Rxf3 22. Nxe6 fxe6 23. Nc7 Rc3 24. Nxe6 Rc1+ 25. Ke2 Rc2+ 26. Ke3 Rc3+ 27. Ke2
Rc2+ 28. Ke3 Rc3+ 1/2-1/2

[Event "19th Kolkata GM Open 2014"]
[Site "Kolkata IND"]
[Date "2014.03.19"]
[Round "2.7"]
[White "Kunte, Abhijit"]
[Black "Sethuraman, S.P."]
[Result "1-0"]
[WhiteTitle "GM"]
[BlackTitle "GM"]
[WhiteElo "2439"]
[BlackElo "2578"]
[WhiteFideId "5002265"]
[BlackFideId "5021596"]
[EventDate "2014.03.18"]

1. Nf3 d5 2. g3 Nc6 3. d4 Bg4 4. Bg2 Qd7 5. h3 Bh5 6. Nbd2 f6 7. e3 O-O-O 8. c3
Qe8 9. b4 e5 10. b5 Nb8 11. Qa4 a6 12. Bf1 Bd6 13. Qb3 axb5 14. Bxb5 c6 15. Be2
e4 16. Ng1 f5 17. Rb1 Rd7 18. Ba3 Bxa3 19. Qxa3 Nf6 20. Nb3 b6 21. Nc5 bxc5 22.
Qa8 Kc7 23. dxc5 1-0

[Event "19th Kolkata GM Open 2014"]
[Site "Kolkata IND"]
[Date "2014.03.19"]
[Round "2.8"]
[White "Swapnil, S. Dhopade"]
[Black "Barbosa, Oliver"]
[Result "0-1"]
[WhiteTitle "IM"]
[BlackTitle "GM"]
[WhiteElo "2424"]
[BlackElo "2564"]
[WhiteFideId "5019184"]
[BlackFideId "5201640"]
[EventDate "2014.03.18"]

1. d4 d5 2. c4 c6 3. e3 Nf6 4. Nc3 e6 5. Nf3 Nbd7 6. Qc2 Qc7 7. Bd3 dxc4 8. Bxc4
a6 9. O-O b5 10. Be2 c5 11. dxc5 Nxc5 12. Bd2 Bb7 13. Rac1 Rc8 14. Nxb5 axb5 15.
Bxb5+ Kd8 16. Qd1 Bd5 17. Qe2 Qa7 18. Ne5 Bd6 19. Nc4 Bxc4 20. Rxc4 Ke7 21. Rfc1
Qb8 22. a4 Nb3 23. Rxc8 Rxc8 24. Rxc8 Qxc8 25. Bc3 Qc7 26. g3 e5 27. Qd1 Na5 28.
Qd3 Nc6 29. f3 Nb4 30. Bxb4 Bxb4 31. Kg2 Qc1 32. Qb3 Qd2+ 33. Kh3 g5 34. Qc4 Bd6
35. Qc6 h5 36. Qb7+ Kf8 37. Bc4 g4+ 38. Kh4 Be7 39. Qc8+ Kg7 0-1